Agricultural taxation in developing countries an overview of selected case-studies
Tài liệu được dịch ra tiếng Việt với tựa đề:" Thuế nông nghiệp trong các nước đang phát triển "
Sparad:
| Huvudupphovsman: | |
|---|---|
| Materialtyp: | Bok |
| Språk: | Undetermined |
| Publicerad: |
Rome
FAO
1993
|
| Ämnen: | |
| Taggar: |
Lägg till en tagg
Inga taggar, Lägg till första taggen!
|
| Thư viện lưu trữ: | Trung tâm Học liệu Trường Đại học Cần Thơ |
|---|
| LEADER | 00681nam a2200193Ia 4500 | ||
|---|---|---|---|
| 001 | CTU_29129 | ||
| 008 | 210402s9999 xx 000 0 und d | ||
| 082 | |a 343.076 | ||
| 082 | |b A278 | ||
| 100 | |a FAO | ||
| 245 | 0 | |a Agricultural taxation in developing countries | |
| 245 | 3 | |b an overview of selected case-studies | |
| 245 | 0 | |c FAO | |
| 260 | |a Rome | ||
| 260 | |b FAO | ||
| 260 | |c 1993 | ||
| 520 | |a Tài liệu được dịch ra tiếng Việt với tựa đề:" Thuế nông nghiệp trong các nước đang phát triển " | ||
| 650 | |a agriculture - taxation - laws and legislation | ||
| 980 | |a Trung tâm Học liệu Trường Đại học Cần Thơ | ||